| Tag |
First Indicator |
Second Indicator |
Subfields |
| LEADER |
00000cam a2200000La 4500 |
| 001 |
in00001745524 |
| 005 |
20220105122440.0 |
| 006 |
m u |
| 007 |
cr cn- |
| 008 |
010321s2000 caua s 001 0 eng d |
| 010 |
|
|
|z 99058505
|
| 020 |
|
|
|a 0585359113 (electronic bk.) :
|c $14.95
|
| 020 |
|
|
|z 0658002783
|
| 035 |
|
|
|a (OCoLC)ocm47011031
|
| 035 |
|
|
|a 54614
|b (N$T)
|
| 040 |
|
|
|a N$T
|c N$T
|d OCL
|d UtOrBLW
|
| 049 |
|
|
|a IKMN
|
| 050 |
1 |
4 |
|a RA784
|b .J457 2000eb
|
| 082 |
0 |
4 |
|a 613.2
|2 21
|
| 100 |
1 |
|
|a Jensen, Bernard,
|d 1908-2001.
|0 http://id.loc.gov/authorities/names/n79081904
|
| 240 |
1 |
0 |
|a Nutrition handbook
|0 http://id.loc.gov/authorities/names/n99254889
|
| 245 |
1 |
0 |
|a Dr. Jensen's nutrition handbook :
|b a daily regimen for healthy living /
|c Bernard Jensen.
|
| 246 |
3 |
|
|a Doctor Jensen's nutrition handbook
|
| 246 |
3 |
|
|a Nutrition handbook
|
| 264 |
|
1 |
|a Los Angeles :
|b Keats,
|c 2000.
|
| 300 |
|
|
|a xi, 144 pages :
|b illustrations ;
|c 23 cm.
|
| 336 |
|
|
|a text
|b txt
|2 rdacontent
|
| 337 |
|
|
|a computer
|b c
|2 rdamedia
|
| 338 |
|
|
|a online resource
|b cr
|2 rdacarrier
|
| 500 |
|
|
|a Includes index.
|
| 533 |
|
|
|a Electronic reproduction.
|b Boulder, Colo. :
|c NetLibrary,
|d 2001.
|n Available via World Wide Web.
|n Access may be limited to NetLibrary affiliated libraries.
|
| 500 |
|
|
|a Electronic resource.
|
| 650 |
|
0 |
|a Nutrition.
|0 http://id.loc.gov/authorities/subjects/sh85093451
|
| 650 |
|
0 |
|a Health.
|0 http://id.loc.gov/authorities/subjects/sh85059518
|
| 655 |
|
7 |
|a Electronic books.
|2 local
|
| 710 |
2 |
|
|a NetLibrary, Inc.
|0 http://id.loc.gov/authorities/names/no99080690
|
| 776 |
0 |
|
|c Original
|w (DLC) 99058505
|w (OCoLC)42921322
|
| 856 |
4 |
1 |
|u https://proxy.library.tamu.edu/login?url=http://www.netLibrary.com/urlapi.asp?action=summary&v=1&bookid=54614
|z Connect to the full text of this electronic book
|t 0
|
| 994 |
|
|
|a 92
|b IKM
|
| 999 |
|
|
|a MARS
|
| 999 |
f |
f |
|s 5ac58ed9-e5a8-33a3-96e6-f31cdb4b41c5
|i ccc96e97-bc7f-39ea-a2a4-3587d9e4b7d3
|t 0
|
| 952 |
f |
f |
|a Texas A&M University
|b College Station
|c Electronic Resources
|d Available Online
|t 0
|e RA784 .J457 2000eb
|h Library of Congress classification
|
| 998 |
f |
f |
|a RA784 .J457 2000eb
|t 0
|l Available Online
|